000 00523nam a2200157 4500
001 125698
003 ES-MaACL
005 20230906192701.0
007 t|
008 070214s1950 sp r ||||1| spa d
100 1 _aRegatillo, Eduardo F.
_995877
245 1 3 _aUn marqués modelo
_b: el siervo de Dios, Claudio López Bru, segundo Marqués de Comillas /
_cpor el P. Eduardo F. Regatillo, S. J.
260 _aSantander :
_bSal Terrae,
_c1950.
300 _a241 p. :
_bil. ;
_c18 cm.
852 _aES-MaACL
_jD-5675
_bR.30019
999 _c125698
_d125698